| 000 | 00475nam a22001697a 4500 | ||
|---|---|---|---|
| 005 | 20250416173720.0 | ||
| 008 | 250416b |||||||| |||| 00| 0 eng d | ||
| 082 |
_a005.8 _bRUS-A |
||
| 100 | _aRussell, Stuart | ||
| 245 |
_aArtificial Intelligence : _bA Modren Approach / _cPeter Norvig |
||
| 250 | _a4th ed. | ||
| 260 |
_aIndia: _bPearson; _c2023. |
||
| 300 |
_axiv,550 p. : _bill; _c24 cm. |
||
| 500 | _ainclude index. | ||
| 650 | _aArtificial Intelligence | ||
| 999 |
_c36901 _d36901 |
||